Statistics for Countries by partial Satellite Image - Medium Difficulty

Click here to take the quiz!

General Stats

  • This quiz has been taken 24 times
  • The average score is 13 of 16

Answer Stats

Answer% Correct
Australia
100%
Cuba
100%
Greece
100%
Mexico
95%
Brazil
89%
Myanmar
89%
Sweden
89%
Chile
84%
Germany
84%
China
79%
Estonia
79%
France
79%
Tanzania
79%
India
74%
South Africa
53%
Guinea-Bissau
47%

Score Distribution

Percentile by Number Answered

Percent of People with Each Score

Your Score History

You have not taken this quiz